<?xml version="1.0" encoding="UTF-8"?>
<record
    xmlns:xsi="http://www.w3.org/2001/XMLSchema-instance"
    xsi:schemaLocation="http://www.loc.gov/MARC21/slim http://www.loc.gov/standards/marcxml/schema/MARC21slim.xsd"
    xmlns="http://www.loc.gov/MARC21/slim">

  <leader>01073nam1a22002651i 4500</leader>
  <controlfield tag="001">rc\3035822</controlfield>
  <controlfield tag="005">20240921122957.0</controlfield>
  <datafield tag="035" ind1=" " ind2=" ">
    <subfield code="a">(NLR Aleph) 007176450</subfield>
  </datafield>
  <datafield tag="090" ind1=" " ind2=" ">
    <subfield code="a">7398120</subfield>
    <subfield code="c">7398120</subfield>
  </datafield>
  <datafield tag="100" ind1=" " ind2=" ">
    <subfield code="a">20111004d1942    |||y0rusy50      ca</subfield>
  </datafield>
  <datafield tag="101" ind1="0" ind2=" ">
    <subfield code="a">rus</subfield>
  </datafield>
  <datafield tag="102" ind1=" " ind2=" ">
    <subfield code="a">RU</subfield>
  </datafield>
  <datafield tag="105" ind1=" " ind2=" ">
    <subfield code="a">y   z   |||||</subfield>
  </datafield>
  <datafield tag="200" ind1="1" ind2=" ">
    <subfield code="a">&#x422;&#x435;&#x445;&#x43D;&#x438;&#x447;&#x435;&#x441;&#x43A;&#x438;&#x435; &#x443;&#x441;&#x43B;&#x43E;&#x432;&#x438;&#x44F; &#x43D;&#x430; &#x432;&#x43E;&#x439;&#x441;&#x43A;&#x43E;&#x432;&#x43E;&#x439; &#x440;&#x435;&#x43C;&#x43E;&#x43D;&#x442; &#x43C;&#x430;&#x448;&#x438;&#x43D;&#x44B; &#x422;60</subfield>
    <subfield code="e">(2 &#x447;&#x430;&#x441;&#x442;&#x438;)</subfield>
    <subfield code="e">1942 &#x433;. &#x427;. 1-2</subfield>
    <subfield code="f">&#x421;&#x43E;&#x441;&#x442;.: &#x413;.&#x410;. &#x415;&#x444;&#x438;&#x43C;&#x43E;&#x432;, &#x41B;.&#x42E;. &#x41B;&#x438;&#x43C;&#x431;&#x435;&#x440;&#x433;&#x435;&#x440;, &#x41B;.&#x42E;. &#x411;&#x43E;&#x43B;&#x43E;&#x442;&#x441;&#x43A;&#x438;&#x439;</subfield>
    <subfield code="g">&#x420;&#x430;&#x437;&#x440;&#x430;&#x431;&#x43E;&#x442;&#x430;&#x43D;&#x44B; &#x411;&#x44E;&#x440;&#x43E; &#x442;&#x435;&#x445;&#x43D;. &#x443;&#x441;&#x43B;&#x43E;&#x432;&#x438;&#x439; 8-&#x433;&#x43E; &#x413;&#x43E;&#x441;. &#x41F;&#x440;&#x43E;&#x435;&#x43A;&#x442;&#x43D;&#x43E;&#x433;&#x43E; &#x438;&#x43D;-&#x442;&#x430; &#x41D;&#x41A;&#x422;&#x41F;</subfield>
  </datafield>
  <datafield tag="210" ind1=" " ind2=" ">
    <subfield code="a">[&#x41C;&#x43E;&#x441;&#x43A;&#x432;&#x430;]</subfield>
    <subfield code="c">&#x411;. &#x438;.</subfield>
    <subfield code="d">[1942]</subfield>
  </datafield>
  <datafield tag="215" ind1=" " ind2=" ">
    <subfield code="d">29 &#x441;&#x43C;</subfield>
  </datafield>
  <datafield tag="300" ind1=" " ind2=" ">
    <subfield code="a">&#x41F;&#x440;&#x43E;&#x435;&#x43A;&#x442;</subfield>
  </datafield>
  <datafield tag="702" ind1=" " ind2="1">
    <subfield code="4">220</subfield>
    <subfield code="7">ca</subfield>
    <subfield code="8">rus</subfield>
    <subfield code="a">&#x415;&#x444;&#x438;&#x43C;&#x43E;&#x432;</subfield>
    <subfield code="b">&#x413;. &#x410;.</subfield>
    <subfield code="c">&#x438;&#x43D;&#x436;&#x435;&#x43D;&#x435;&#x440;-&#x43C;&#x435;&#x445;&#x430;&#x43D;&#x438;&#x43A;</subfield>
    <subfield code="9">259809</subfield>
    <subfield code="3">RU\NLR\AUTH\770259865</subfield>
  </datafield>
  <datafield tag="702" ind1=" " ind2="1">
    <subfield code="a">&#x41B;&#x438;&#x43C;&#x431;&#x435;&#x440;&#x433;&#x435;&#x440;</subfield>
    <subfield code="b">&#x41B;.&#x42E;.</subfield>
    <subfield code="4">220</subfield>
  </datafield>
  <datafield tag="702" ind1=" " ind2="1">
    <subfield code="a">&#x411;&#x43E;&#x43B;&#x43E;&#x442;&#x441;&#x43A;&#x438;&#x439;</subfield>
    <subfield code="b">&#x41B;.&#x42E;.</subfield>
    <subfield code="4">220</subfield>
  </datafield>
  <datafield tag="801" ind1=" " ind2="0">
    <subfield code="a">RU</subfield>
    <subfield code="b">NLR</subfield>
    <subfield code="g">psbo</subfield>
  </datafield>
  <datafield tag="801" ind1=" " ind2="1">
    <subfield code="a">RU</subfield>
    <subfield code="b">ELAR</subfield>
    <subfield code="2">rusmarc</subfield>
  </datafield>
  <datafield tag="852" ind1=" " ind2=" ">
    <subfield code="a">NLR</subfield>
    <subfield code="b">&#x41F;&#x442;</subfield>
    <subfield code="j">02 &#x413;-7/10</subfield>
  </datafield>
  <datafield tag="942" ind1=" " ind2=" ">
    <subfield code="c">BOOK</subfield>
  </datafield>
</record>
